| 000 | 01493nam a2200241Ia 4500 | ||
|---|---|---|---|
| 003 | Ost | ||
| 005 | 20260507075154.0 | ||
| 008 | 260507s9999||||xx |||||||||||||| ||und|| | ||
| 040 | _cfsecg | ||
| 041 | _aara | ||
| 082 | _a330 | ||
| 100 | _eمؤلف | ||
| 245 | 0 |
_aبناء اقتصاديات المعرفة : _bاستراتيجيات تنموية متقدمة / |
|
| 260 |
_aالعين: _bدار الكناب الجامعي, _c2009 |
||
| 300 |
_a348 صفحة؛ _bإيضاحات ؛ _c24 سم |
||
| 504 | _aمراجع ص.333 ؛ملاحق ص.311 | ||
| 520 | _aاتجاهات و قضايا عالمية نحو اقتصاديات المعرفة ، الاطار التحليل و عناصر التميز في اقتصاد المعرفة ، عمليات بناء اقتصاد معرفي ، تحسين المنظومة الاقتصادية و المؤسسية ، تعزيز الابتكار و البنية التحتية للبحث و التكنولوجيا ، تعزيز البنية التحتية لقطاع المعلومات و الاتصالات ، الإرتقاء بالتعليم الأساسسي ، الثالثي و التعلم مدى الحياة ، التوجيهات الاستراتيجية لعددمن الدول و التكتلات مثل الصين و الهند | ||
| 653 | _aالاقتصاد | ||
| 653 | _aالمعرفة | ||
| 700 |
_aأبو طه، موسى _eمؤلف ثانوي |
||
| 700 |
_aمخيمر، محمد امين _eمؤلف ثانوي |
||
| 942 | _cكتاب | ||
| 999 |
_c43358 _d43358 |
||